Normal view
MARC view
- الاسماء الجغرافية -السعودية
Entry Topical Term
001 - CONTROL NUMBER
- control field: 15241
003 - CONTROL NUMBER IDENTIFIER
- control field: JO-AjAnu
005 - DATE AND TIME OF LATEST TRANSACTION
- control field: 20230606072731.0
008 - FIXED-LENGTH DATA ELEMENTS
- fixed length control field: 230606|| aca||aabn | a|a d
040 ## - CATALOGING SOURCE
- Original cataloging agency: JO-AjAnu
- Transcribing agency: JO-AjAnu
150 ## - HEADING--TOPICAL TERM
- Topical term or geographic name entry element: الاسماء الجغرافية -السعودية
670 ## - SOURCE DATA FOUND
- Source citation: Work cat.: (JO-AjAnu)7825: عبده، أسعد سليمان, author 15240, تصحيح الأسماء الجغرافية المكتوبة على خرائط المملكة العربية السعودية مقاس 1: 500،000